Vector mechanics for engineers (Record no. 4856)

000 -LEADER
fixed length control field 00594nam a2200217 a 4500
001 - CONTROL NUMBER
control field 4856
003 - CONTROL NUMBER IDENTIFIER
control field BD-DhUET
008 - FIXED-LENGTH DATA ELEMENTS--GENERAL INFORMATION
fixed length control field 840307s1984 nyua 001 0 eng
020 ## - INTERNATIONAL STANDARD BOOK NUMBER
International Standard Book Number 0070044384
040 ## - CATALOGING SOURCE
Original cataloging agency DLC
Transcribing agency DLC
Modifying agency BD-DhUET
082 00 - DEWEY DECIMAL CLASSIFICATION NUMBER
Classification number 620.1
Item number BEE/1984
100 ## - MAIN ENTRY--PERSONAL NAME
Personal name Beer, Ferdinand P.
245 10 - TITLE STATEMENT
Title Vector mechanics for engineers
Remainder of title statics and dynamics
250 ## - EDITION STATEMENT
Edition statement 4th ed.
260 ## - PUBLICATION, DISTRIBUTION, ETC. (IMPRINT)
Place of publication, distribution, etc. New York
Name of publisher, distributor, etc. McGraw-Hill
Date of publication, distribution, etc. 1984
300 ## - PHYSICAL DESCRIPTION
Extent xxi, 926 p.
Other physical details ill.
Dimensions 24 cm.
504 ## - BIBLIOGRAPHY, ETC. NOTE
Bibliography, etc Includes bibliographies
650 #0 - SUBJECT ADDED ENTRY--TOPICAL TERM
Topical term or geographic name as entry element Engineering instruments
700 1# - ADDED ENTRY--PERSONAL NAME
Personal name Johnston, E. Russell
942 ## - ADDED ENTRY ELEMENTS (KOHA)
Koha item type General Book
Holdings
Location (home branch) Piece designation (barcode) Source of classification or shelving scheme Koha issues (times borrowed) Damaged status Koha item type Lost status Copy number Withdrawn status Not for loan Koha date last borrowed Price effective from Koha normalized classification for sorting Koha date last seen Sublocation or collection (holding branch) Koha full call number Shelving location Date acquired
Central Library, BUET66051   General Book 1   2014-11-23620_100000000000000_BEE_19842015-12-08Central Library, BUET620.1/BEE/1984Circulation section2014-11-23
Central Library, BUET66042 2 General Book 1  2022-06-122014-11-24620_000000000000000_1BEE19842022-06-20Central Library, BUET620.1/BEE/1984Circulation section2014-11-24
Central Library, BUET66086 4 General Book 1  2023-01-102014-11-29620_100000000000000_BEE_19842023-06-07Central Library, BUET620.1/BEE/1984Circulation section2014-11-29
Central Library, BUET66044 1 General Book 49  2025-04-302014-12-11620_100000000000000_BEE_19842025-05-28Central Library, BUET620.1 /BEE/1984Circulation section2014-12-11
Central Library, BUET66012   General Book 1   2014-12-11620_100000000000000_BEE_19842015-02-23Central Library, BUET620.1/BEE/1984Circulation section2014-12-11
Central Library, BUET66043   General Book 6   2015-01-19620_100000000000000_BEE_19842015-12-22Central Library, BUET620.1/BEE/1984Circulation section2015-01-19
Central Library, BUET81336 1 General Book 7  2022-11-212015-02-16620_100000000000000_BEE_19842022-12-13Central Library, BUET620.1/BEE/1984Circulation section2015-02-16
Central Library, BUET66048 1 General Book 1  2018-04-182015-04-01620_100000000000000_BEE_19842018-04-30Central Library, BUET620.1/BEE/1984Circulation section2015-04-01
Central Library, BUET66015   Reading Item 9   2015-06-21620_100000000000000_BEE_19842015-06-21Central Library, BUET620.1/BEE/1984Reading section2015-06-21
Central Library, BUET66014   General Book 10   2015-06-22620_100000000000000_BEE_19842015-06-22Central Library, BUET620.1/BEE/1984Reading section2015-06-22
Central Library, BUET66013   General Book 11   2015-06-22620_100000000000000_BEE_19842015-06-22Central Library, BUET620.1/BEE/1984Reading section2015-06-22
Central Library, BUET66095   Reading Item 12   2015-06-29620_010000000000000_BEE_19842015-06-29Central Library, BUET620.01/BEE/1984Reading section2015-06-29
Central Library, BUET75502   General Book 13   2015-07-28620_100000000000000_BEE_19842015-07-28Central Library, BUET620.1/BEE/1984Circulation section2015-07-28